000 00645nam a2200229 i 4500
001 10031
003 ES-MaACL
005 20260626101041.0
007 t|
008 941028s1993 sp ||||1| spa d
020 _a84-7640-642-8
080 _a83-311.6"19"
080 _a83(Feuchtwanger,L.7 J.03=6)
100 0 _aFeuchtwanger, Lion,
_d1884-1958
_950633
245 1 3 _aLa judía de Toledo /
_cLion Feuchtwanger.
260 _aMadrid :
_bEdaf,
_cD.L. 1993.
300 _a488 p. ;
_c24 cm.
490 1 _aClío/narrativa ;
_v15
830 0 _aClío/narrativa ;
_v15
_9180525
852 _aES-MaACL
_jL-17486
_bR.122911
999 _c10031
_d10031